Why politics matters : (Record no. 5481)

MARC details
000 -LEADER
fixed length control field 02995cam a2200445 i 4500
001 - CONTROL NUMBER
control field 23835694
003 - CONTROL NUMBER IDENTIFIER
control field DLC
005 - DATE AND TIME OF LATEST TRANSACTION
control field 20260204163508.0
007 - PHYSICAL DESCRIPTION FIXED FIELD--GENERAL INFORMATION
fixed length control field t
008 - FIXED-LENGTH DATA ELEMENTS--GENERAL INFORMATION
fixed length control field 240823s2025 ohua 000 0 eng d
010 ## - LIBRARY OF CONGRESS CONTROL NUMBER
LC control number 2024944978
015 ## - NATIONAL BIBLIOGRAPHY NUMBER
National bibliography number GBC4B3569
Source bnb
016 7# - NATIONAL BIBLIOGRAPHIC AGENCY CONTROL NUMBER
Record control number 300295031
Source UK
020 ## - INTERNATIONAL STANDARD BOOK NUMBER
International Standard Book Number 9780357987384
Qualifying information paperback
020 ## - INTERNATIONAL STANDARD BOOK NUMBER
International Standard Book Number 0357987381
024 8# - OTHER STANDARD IDENTIFIER
Standard number or code CIPO000119502
035 ## - SYSTEM CONTROL NUMBER
System control number (OCoLC)on1517971768
040 ## - CATALOGING SOURCE
Language of cataloging eng
Transcribing agency Foundation University
Description conventions rda
042 ## - AUTHENTICATION CODE
Authentication code lccopycat
050 00 - LIBRARY OF CONGRESS CALL NUMBER
Classification number JA 76
Item number .2024 D66
100 1# - MAIN ENTRY--PERSONAL NAME
Personal name Dooley, Kevin L.
Relator term author
9 (RLIN) 14403
245 10 - TITLE STATEMENT
Title Why politics matters :
Remainder of title an introduction to political science /
Statement of responsibility, etc. Kevin L. Dooley, Joseph N. Patten.
250 ## - EDITION STATEMENT
Edition statement Fourth edition.
264 #1 - PRODUCTION, PUBLICATION, DISTRIBUTION, MANUFACTURE, AND COPYRIGHT NOTICE
Place of production, publication, distribution, manufacture Mason :
Name of producer, publisher, distributor, manufacturer Cengage,
Date of production, publication, distribution, manufacture, copy right date 2024.
Copyright Date 2024.
300 ## - PHYSICAL DESCRIPTION
Extent xxvi, 388 pages :
Other physical details color illustrations ;
Dimensions 26 cm.
Materials specified resource
Type of unit volume
336 ## - CONTENT TYPE
Content type term text
Content type code txt
Source rdacontent
Authority record control number or standard number http://id.loc.gov/vocabulary/contentTypes/txt
337 ## - MEDIA TYPE
Media type term unmediated
Media type code n
Source rdamedia
Authority record control number or standard number http://id.loc.gov/vocabulary/mediaTypes/n
338 ## - CARRIER TYPE
Carrier type term volume
Carrier type code nc
Source rdacarrier
Authority record control number or standard number http://id.loc.gov/vocabulary/carriers/nc
Materials specified resource
340 ## - PHYSICAL MEDIUM
Authority record control number or standard number http://id.loc.gov/vocabulary/millus/ill
504 ## - BIBLIOGRAPHY, ETC. NOTE
Bibliography, etc. note Includes bibliographical references and index.
520 ## - ABSTRACT, SUMMARY, ETC.
Abstract, Summary, etc. With the start of each new semester comes the initial thrill of meeting new students enrolled in our introduction to political science course. At Monmouth University, where we teach, the introductory course has always been considered the "gateway" to the discipline-a general education requirement that attracts majors from across the academic spectrum. We meet students studying everything from accounting, marketing, and management to anthropology, biology, and music. Thus, the learning environment includes a wide variety of interesting and creative students majoring primarily in subjects other than political science. Although each section will also have a number of politically active, politically motivated undergrads, the classroom is mainly filled with non majors. In many ways, it was this reality that made us consider not only how we were teaching this course but also how we could design an appropriate text for students from all academic disciplines. -- Preface
650 #0 - SUBJECT ADDED ENTRY--TOPICAL TERM
Topical term or geographic name entry element Political science
Authority record control number or standard number http://id.loc.gov/authorities/subjects/sh85104440
9 (RLIN) 6468
658 ## - INDEX TERM--CURRICULUM OBJECTIVE
Main curriculum objective Political Science, Master of Arts in :
Subordinate curriculum objective Foundations and Framework of Political Research and Analysis ;
Curriculum code POL300
700 1# - ADDED ENTRY--PERSONAL NAME
Personal name Patten, Joseph N.
Relator term author
Relationship http://id.loc.gov/vocabulary/relators/aut
Real World Object URI https://isni.org/isni/0000000430312259
9 (RLIN) 14404
758 ## - RESOURCE IDENTIFIER
Real World Object URI http://id.loc.gov/resources/instances/23835694
758 ## - RESOURCE IDENTIFIER
Relationship http://id.loc.gov/ontologies/bibframe/instanceOf
Real World Object URI http://id.loc.gov/resources/works/23835694
856 ## - ELECTRONIC LOCATION AND ACCESS
Uniform Resource Identifier <a href="https://drive.google.com/file/d/1va5tzTQKW9uKxeeFVafa2LoF83Ve8I7_/view?usp=sharing">https://drive.google.com/file/d/1va5tzTQKW9uKxeeFVafa2LoF83Ve8I7_/view?usp=sharing</a>
Link text Click here to view the table of content
942 ## - ADDED ENTRY ELEMENTS (KOHA)
Source of classification or shelving scheme Library of Congress Classification
Koha item type Books
Edition Fourth edition.
Classification part JA 76
Item part .2024 D66
Call number prefix (CAS-PS)
Holdings
Uniform Resource Identifier Withdrawn status Lost status Source of classification or shelving scheme Damaged status Not for loan Collection code Home library Current library Shelving location Date acquired Source of acquisition Total Checkouts Full call number Barcode Date last seen Price effective from Koha item type Accession Number
https://drive.google.com/file/d/1va5tzTQKW9uKxeeFVafa2LoF83Ve8I7_/view?usp=sharing     Library of Congress Classification   Preservation Copy Non-fiction Foundation University Library Foundation University Library CoArts & Sciences 01/23/2026 QT   (CAS-PS) JA 76 .2024 D66 0072026015004 01/23/2026 01/23/2026 Books CAS-PS-2026004
https://drive.google.com/file/d/1va5tzTQKW9uKxeeFVafa2LoF83Ve8I7_/view?usp=sharing     Library of Congress Classification   Room Use Only Non-fiction Foundation University Library Foundation University Library CoArts & Sciences 01/23/2026 QT   (CAS-PS) JA 76 .2024 D66 c2 0072026015005 01/23/2026 01/23/2026 Books CAS-PS-2026005
https://drive.google.com/file/d/1va5tzTQKW9uKxeeFVafa2LoF83Ve8I7_/view?usp=sharing     Library of Congress Classification     Non-fiction Foundation University Library Foundation University Library CoArts & Sciences 01/23/2026 QT   (CAS-PS) JA 76 .2024 D66 c3 0072026015006 01/23/2026 01/23/2026 Books CAS-PS-2026006